MARC details
| 000 -LEADER |
| fixed length control field |
03793cam a22007697i 4500 |
| 001 - CONTROL NUMBER |
| control field |
18692577 |
| 003 - CONTROL NUMBER IDENTIFIER |
| control field |
OSt |
| 005 - DATE AND TIME OF LATEST TRANSACTION |
| control field |
20210821170844.0 |
| 008 - FIXED-LENGTH DATA ELEMENTS--GENERAL INFORMATION |
| fixed length control field |
150709t20152015nyuab b 000 0 eng c |
| 010 ## - LIBRARY OF CONGRESS CONTROL NUMBER |
| LC control number |
2015452411 |
| 015 ## - NATIONAL BIBLIOGRAPHY NUMBER |
| National bibliography number |
GBB4E6019 |
| Source |
bnb |
| 016 7# - NATIONAL BIBLIOGRAPHIC AGENCY CONTROL NUMBER |
| Record control number |
016975345 |
| Source |
Uk |
| 020 ## - INTERNATIONAL STANDARD BOOK NUMBER |
| International Standard Book Number |
9781612193748 |
| Qualifying information |
(hardcover) |
| 020 ## - INTERNATIONAL STANDARD BOOK NUMBER |
| International Standard Book Number |
1612193749 |
| Qualifying information |
(hardcover) |
| 020 ## - INTERNATIONAL STANDARD BOOK NUMBER |
| Canceled/invalid ISBN |
9781612193755 |
| Qualifying information |
(ebook) |
| 020 ## - INTERNATIONAL STANDARD BOOK NUMBER |
| Canceled/invalid ISBN |
1612193757 |
| Qualifying information |
(ebook) |
| 020 ## - INTERNATIONAL STANDARD BOOK NUMBER |
| Canceled/invalid ISBN |
9781612194486 |
| Qualifying information |
(paperback : |
| -- |
export edition) |
| 035 ## - SYSTEM CONTROL NUMBER |
| System control number |
(OCoLC)ocn879582444 |
| 040 ## - CATALOGING SOURCE |
| Original cataloging agency |
YDXCP |
| Language of cataloging |
eng |
| Transcribing agency |
YDXCP |
| Description conventions |
rda |
| Modifying agency |
BTCTA |
| -- |
BDX |
| -- |
OCLCQ |
| -- |
UKMGB |
| -- |
CLE |
| -- |
OCP |
| -- |
IH9 |
| -- |
CGP |
| -- |
TJC |
| -- |
IDU |
| -- |
UAB |
| -- |
OCLCF |
| -- |
ZWZ |
| -- |
BEDGE |
| -- |
TOZ |
| -- |
VP@ |
| -- |
CHVBK |
| -- |
OCLCO |
| -- |
OCLCQ |
| -- |
OCLCO |
| -- |
DLC |
| 050 00 - LIBRARY OF CONGRESS CALL NUMBER |
| Classification number |
HM806 |
| Item number |
.G73 2015 |
| 082 ## - DEWEY DECIMAL CLASSIFICATION NUMBER |
| Classification number |
302.35 GRA |
| 100 1# - MAIN ENTRY--PERSONAL NAME |
| Personal name |
Graeber, David, |
| Relator term |
author. |
| 245 14 - TITLE STATEMENT |
| Title |
The Utopia of Rules : |
| Remainder of title |
On Technology, Stupidity, and the Secret Joys of Bureaucracy / |
| Statement of responsibility, etc. |
David Graeber. |
| 264 #1 - PRODUCTION, PUBLICATION, DISTRIBUTION, MANUFACTURE, AND COPYRIGHT NOTICE |
| Place of production, publication, distribution, manufacture |
Brooklyn : |
| -- |
London : |
| Name of producer, publisher, distributor, manufacturer |
Melville House, |
| 264 #4 - PRODUCTION, PUBLICATION, DISTRIBUTION, MANUFACTURE, AND COPYRIGHT NOTICE |
| Date of production, publication, distribution, manufacture, or copyright notice |
©2015 |
| 300 ## - PHYSICAL DESCRIPTION |
| Extent |
261 pages : |
| Other physical details |
illustrations, map ; |
| Dimensions |
23 cm |
| 336 ## - CONTENT TYPE |
| Content type term |
text |
| Content type code |
txt |
| Source |
rdacontent |
| 337 ## - MEDIA TYPE |
| Media type term |
unmediated |
| Media type code |
n |
| Source |
rdamedia |
| 338 ## - CARRIER TYPE |
| Carrier type term |
volume |
| Carrier type code |
nc |
| Source |
rdacarrier |
| 500 ## - GENERAL NOTE |
| General note |
Some chapters previously published in various sources in 2012. |
| 505 0# - FORMATTED CONTENTS NOTE |
| Formatted contents note |
Introduction;<br/>the iron law of liberalism and the era of total bureaucratization;<br/>Dead zones of the imagination;<br/>an essay on structural stupidity;<br/>Of flying cars and the declining rate of profit;<br/>The utopia of rules, or why we really love bureaucracy after all;<br/>Appendix;<br/>On Batman and the problem of constituent power. |
| 520 ## - SUMMARY, ETC. |
| Summary, etc. |
"Where does the desire for endless rules, regulations, and bureaucracy come from? How did we come to spend so much of our time filling out forms? And is it really a cipher for state violence? To answer these questions, anthropologist David Graeber ... traces the peculiar and unexpected ways we relate to bureaucracy today, and reveals how it shapes our lives in ways we may not even notice"--Jacket. |
| 650 #0 - SUBJECT ADDED ENTRY--TOPICAL TERM |
| Topical term or geographic name entry element |
Bureaucracy. |
| 650 #0 - SUBJECT ADDED ENTRY--TOPICAL TERM |
| Topical term or geographic name entry element |
Social structure. |
| 650 #0 - SUBJECT ADDED ENTRY--TOPICAL TERM |
| Topical term or geographic name entry element |
Power (Social sciences) |
| 650 #0 - SUBJECT ADDED ENTRY--TOPICAL TERM |
| Topical term or geographic name entry element |
Liberalism. |
| 650 #0 - SUBJECT ADDED ENTRY--TOPICAL TERM |
| Topical term or geographic name entry element |
Technological innovations |
| General subdivision |
Social aspects. |
| 650 #0 - SUBJECT ADDED ENTRY--TOPICAL TERM |
| Topical term or geographic name entry element |
Imagination |
| General subdivision |
Social aspects. |
| 650 #0 - SUBJECT ADDED ENTRY--TOPICAL TERM |
| Topical term or geographic name entry element |
Stupidity. |
| 650 #7 - SUBJECT ADDED ENTRY--TOPICAL TERM |
| Topical term or geographic name entry element |
Bureaucratie. |
| Source of heading or term |
eclas |
| 650 #7 - SUBJECT ADDED ENTRY--TOPICAL TERM |
| Topical term or geographic name entry element |
Réglementation. |
| Source of heading or term |
eclas |
| 650 #7 - SUBJECT ADDED ENTRY--TOPICAL TERM |
| Topical term or geographic name entry element |
Aspects socio-économiques. |
| Source of heading or term |
eclas |
| 650 #7 - SUBJECT ADDED ENTRY--TOPICAL TERM |
| Topical term or geographic name entry element |
Sciences sociales. |
| Source of heading or term |
eclas |
| 650 #7 - SUBJECT ADDED ENTRY--TOPICAL TERM |
| Topical term or geographic name entry element |
Libéralisme. |
| Source of heading or term |
eclas |
| 650 #7 - SUBJECT ADDED ENTRY--TOPICAL TERM |
| Topical term or geographic name entry element |
Bureaucracy. |
| Source of heading or term |
fast |
| Authority record control number or standard number |
(OCoLC)fst00841702 |
| 650 #7 - SUBJECT ADDED ENTRY--TOPICAL TERM |
| Topical term or geographic name entry element |
Imagination |
| General subdivision |
Social aspects. |
| Source of heading or term |
fast |
| Authority record control number or standard number |
(OCoLC)fst00967597 |
| 650 #7 - SUBJECT ADDED ENTRY--TOPICAL TERM |
| Topical term or geographic name entry element |
Liberalism. |
| Source of heading or term |
fast |
| Authority record control number or standard number |
(OCoLC)fst00997183 |
| 650 #7 - SUBJECT ADDED ENTRY--TOPICAL TERM |
| Topical term or geographic name entry element |
Power (Social sciences) |
| Source of heading or term |
fast |
| Authority record control number or standard number |
(OCoLC)fst01074219 |
| 650 #7 - SUBJECT ADDED ENTRY--TOPICAL TERM |
| Topical term or geographic name entry element |
Social structure. |
| Source of heading or term |
fast |
| Authority record control number or standard number |
(OCoLC)fst01123372 |
| 650 #7 - SUBJECT ADDED ENTRY--TOPICAL TERM |
| Topical term or geographic name entry element |
Stupidity. |
| Source of heading or term |
fast |
| Authority record control number or standard number |
(OCoLC)fst01136261 |
| 650 #7 - SUBJECT ADDED ENTRY--TOPICAL TERM |
| Topical term or geographic name entry element |
Technological innovations |
| General subdivision |
Social aspects. |
| Source of heading or term |
fast |
| Authority record control number or standard number |
(OCoLC)fst01145049 |
| 650 #7 - SUBJECT ADDED ENTRY--TOPICAL TERM |
| Topical term or geographic name entry element |
Bürokratie. |
| Source of heading or term |
gnd |
| Authority record control number or standard number |
(DE-588)4008822-4 |
| 650 #7 - SUBJECT ADDED ENTRY--TOPICAL TERM |
| Topical term or geographic name entry element |
Soziologische Theorie. |
| Source of heading or term |
gnd |
| Authority record control number or standard number |
(DE-588)4077628-1 |
| 650 #7 - SUBJECT ADDED ENTRY--TOPICAL TERM |
| Topical term or geographic name entry element |
Bureaucratie. |
| Source of heading or term |
ram |
| 650 #7 - SUBJECT ADDED ENTRY--TOPICAL TERM |
| Topical term or geographic name entry element |
Structure sociale. |
| Source of heading or term |
ram |
| 650 #7 - SUBJECT ADDED ENTRY--TOPICAL TERM |
| Topical term or geographic name entry element |
Pouvoir (sciences sociales) |
| Source of heading or term |
ram |
| 650 #7 - SUBJECT ADDED ENTRY--TOPICAL TERM |
| Topical term or geographic name entry element |
Libéralisme. |
| Source of heading or term |
ram |
| 650 #7 - SUBJECT ADDED ENTRY--TOPICAL TERM |
| Topical term or geographic name entry element |
Innovations |
| General subdivision |
Aspect social. |
| Source of heading or term |
ram |
| 650 #7 - SUBJECT ADDED ENTRY--TOPICAL TERM |
| Topical term or geographic name entry element |
Imagination |
| General subdivision |
Aspect social. |
| Source of heading or term |
ram |
| 650 #7 - SUBJECT ADDED ENTRY--TOPICAL TERM |
| Topical term or geographic name entry element |
Bêtise. |
| Source of heading or term |
ram |
| 856 42 - ELECTRONIC LOCATION AND ACCESS |
| Materials specified |
Contributor biographical information |
| Uniform Resource Identifier |
<a href="http://www.loc.gov/catdir/enhancements/fy1607/2015452411-b.html">http://www.loc.gov/catdir/enhancements/fy1607/2015452411-b.html</a> |
| 856 42 - ELECTRONIC LOCATION AND ACCESS |
| Materials specified |
Publisher description |
| Uniform Resource Identifier |
<a href="http://www.loc.gov/catdir/enhancements/fy1607/2015452411-d.html">http://www.loc.gov/catdir/enhancements/fy1607/2015452411-d.html</a> |
| 856 41 - ELECTRONIC LOCATION AND ACCESS |
| Materials specified |
Table of contents only |
| Uniform Resource Identifier |
<a href="http://www.loc.gov/catdir/enhancements/fy1607/2015452411-t.html">http://www.loc.gov/catdir/enhancements/fy1607/2015452411-t.html</a> |
| 906 ## - LOCAL DATA ELEMENT F, LDF (RLIN) |
| a |
7 |
| b |
cbc |
| c |
pccadap |
| d |
2 |
| e |
ncip |
| f |
20 |
| g |
y-gencatlg |
| 942 ## - ADDED ENTRY ELEMENTS (KOHA) |
| Source of classification or shelving scheme |
Dewey Decimal Classification |
| Koha item type |
BOOKs |